000 00525nam a2200169Ia 4500
999 _c36832
_d36832
003 OSt
005 20200606120059.0
008 190216s9999||||xx |||||||||||||| ||und||
040 _cMESKC library
082 _a491.4382421
_bUNN/H
100 _aUnnikrishnan, Manakkal
_9283
245 0 _aHighschool Hindi Vyakarana Sahayi /
_cManakkal Unnikrishnan
260 _bLipi Publications,
_aKozhikode:
_c2002.
300 _a96p
650 _aHindi
942 _cREF
_2ddc
_h491.4382421
_iUNN/H
_k491.4382421
_mUNN/H